|
|
|
|
| LEADER |
03145nam a2200385 i 4500 |
| 001 |
41690 |
| 003 |
BD-DhAAL |
| 005 |
20240918100027.0 |
| 008 |
120822s2013 enka b 001 0 eng |
| 010 |
|
|
|a 2012947637
|
| 020 |
|
|
|a 9780198796589
|
| 040 |
|
|
|a DLC
|b eng
|c DLC
|e rda
|d BD-DhAAL
|
| 042 |
|
|
|a pcc
|
| 050 |
0 |
0 |
|a RS403
|b .P38 2013
|
| 082 |
0 |
0 |
|a 615.19
|2 23
|
| 100 |
1 |
|
|a Patrick, Graham L.
|9 15676
|
| 245 |
1 |
3 |
|a An introduction to medicinal chemistry /
|c Graham L. Patrick.
|
| 250 |
|
|
|a International edition.
|
| 264 |
|
1 |
|a Oxford :
|b Oxford University Press,
|c c2018.
|
| 300 |
|
|
|a xix, 788 pages :
|b illustrations (some color) ;
|c 25 cm.
|
| 526 |
|
|
|a PHR
|x Dr. Hasina Jesmin,
Assistant Dean and Program Director
Course name : Medicinal Chemistry I, II and III (PHR 301, PHR 311, PHR 401)
|
| 541 |
|
|
|a Book Finder International
|e 41690, 41691, 41692, 41693, 43127, 43128, 43129, 43130
|
| 650 |
|
0 |
|a Pharmaceutical chemistry.
|
| 650 |
|
0 |
|a Pharmacy.
|
| 852 |
|
|
|a Ayesha Abed Library
|c General Stacks
|
| 942 |
|
|
|2 ddc
|c BK
|
| 999 |
|
|
|c 44410
|d 44410
|
| 952 |
|
|
|0 0
|1 0
|2 ddc
|4 0
|6 615_190000000000000_PAT
|7 0
|9 74389
|a BRACUL
|b BRACUL
|c GEN
|d 2023-09-08
|e Book Finder International
|g 2444.31
|l 2
|m 4
|o 615.19 PAT
|p 3010041690
|r 2024-02-27
|s 2024-02-13
|t 1
|v 2444.31
|w 2023-09-08
|y BK
|
| 952 |
|
|
|0 0
|1 0
|2 ddc
|4 0
|6 615_190000000000000_PAT
|7 0
|9 74390
|a BRACUL
|b BRACUL
|c GEN
|d 2023-09-08
|e Book Finder International
|g 2444.31
|l 2
|m 31
|o 615.19 PAT
|p 3010041691
|r 2025-10-20
|s 2024-09-11
|t 2
|v 2444.31
|w 2023-09-08
|y BK
|
| 952 |
|
|
|0 0
|1 0
|2 ddc
|4 0
|6 615_190000000000000_PAT
|7 0
|9 74391
|a BRACUL
|b BRACUL
|c GEN
|d 2023-09-08
|e Book Finder International
|g 2444.31
|l 2
|m 54
|o 615.19 PAT
|p 3010041692
|r 2026-03-03
|s 2025-08-03
|t 3
|v 2444.31
|w 2023-09-08
|y BK
|
| 952 |
|
|
|0 0
|1 0
|2 ddc
|4 0
|6 615_190000000000000_PAT
|7 0
|9 74392
|a BRACUL
|b BRACUL
|c GEN
|d 2023-09-08
|e Book Finder International
|g 2444.31
|l 4
|m 20
|o 615.19 PAT
|p 3010041693
|r 2026-01-26
|s 2025-09-10
|t 4
|v 2444.31
|w 2023-09-08
|y BK
|
| 952 |
|
|
|0 0
|1 0
|2 ddc
|4 0
|6 615_190000000000000_PAT
|7 0
|9 76469
|a PHR
|b PHR
|d 2024-09-17
|e Book Finder International
|g 2351.00
|l 0
|o 615.19 PAT
|p 3010043127
|r 2024-09-17
|t 5
|v 2351.00
|w 2024-09-17
|y BK
|x Requisitioned by Dr. Hasina Jesmin for the course named-"Medicinal Chemistry I, II and III (PHR 301, PHR 311, PHR 401)"
|
| 952 |
|
|
|0 0
|1 0
|2 ddc
|4 0
|6 615_190000000000000_PAT
|7 0
|9 76470
|a PHR
|b PHR
|d 2024-09-17
|e Book Finder International
|g 2351.00
|l 0
|o 615.19 PAT
|p 3010043130
|r 2024-09-17
|t 8
|v 2351.00
|w 2024-09-17
|y BK
|x Requisitioned by Dr. Hasina Jesmin for the course named-"Medicinal Chemistry I, II and III (PHR 301, PHR 311, PHR 401)"
|
| 952 |
|
|
|0 0
|1 0
|2 ddc
|4 0
|6 615_190000000000000_PAT
|7 0
|9 76471
|a PHR
|b PHR
|d 2024-09-17
|e Book Finder International
|g 2351.00
|l 0
|o 615.19 PAT
|p 3010043128
|r 2024-09-17
|t 6
|v 2351.00
|w 2024-09-17
|y BK
|x Requisitioned by Dr. Hasina Jesmin for the course named-"Medicinal Chemistry I, II and III (PHR 301, PHR 311, PHR 401)"
|
| 952 |
|
|
|0 0
|1 0
|2 ddc
|4 0
|6 615_190000000000000_PAT
|7 0
|9 76472
|a PHR
|b PHR
|d 2024-09-17
|e Book Finder International
|g 2351.00
|l 0
|o 615.19 PAT
|p 3010043129
|r 2024-09-17
|t 7
|v 2351.00
|w 2024-09-17
|y BK
|x Requisitioned by Dr. Hasina Jesmin for the course named-"Medicinal Chemistry I, II and III (PHR 301, PHR 311, PHR 401)"
|